| 000 | 01648nam a2200313 a 4500 | ||
|---|---|---|---|
| 001 | 000010856 | ||
| 003 | DO-SdBNP | ||
| 005 | 20260217125742.0 | ||
| 008 | 091012s1992 dr ad 001 0 spa d | ||
| 040 |
_aDO-SdBNP _bspa _cBNPHU |
||
| 082 |
_a330.97293 _bE92e, 1991 |
||
| 245 | 0 | 0 |
_aEvaluación de la economía dominicana durante el 1991 y sus perspectivas / _ccoordinadora América Bastidas C. |
| 250 | _a2a. ed. | ||
| 260 |
_aSanto Domingo : _bUniversitaria-UASD, _c1992. |
||
| 300 |
_axii, 76 p. : _bil., grafs. |
||
| 490 | 1 |
_aPublicaciones de la Universidad Autónoma de Santo Domingo ; _v674. |
|
| 500 | _aA la cabeza de la portada : Informe anual 1991 | ||
| 505 | 2 |
_aEvaluación de la economía dominicana 1991 y sus perspectivas -- _tGeneralidades -- _tComportamiento de la producción -- _tComportamiento del consumo total -- _tIndice de precios e inflación -- _tNivel de desocupación -- _tÍndice de dolor --- _tSalario mínimo legal y mínimo requerido -- _tPolítica monetaria -- _tPolítica cambiaria -- _tPolítica crediticia -- _tPolítica fiscal. |
|
| 590 | _aInventariado, 2018/ YL | ||
| 650 | 4 |
_aEconomia _985383 |
|
| 650 | 0 |
_aHacienda pública _zRepública Dominicana _y1991 _96562 |
|
| 651 | 4 |
_aRepública Dominicana _y1991 _xCondiciones económicas _926185 |
|
| 651 | 4 |
_aRepública Dominicana _y1991 _xPolítica económica _926186 |
|
| 700 | 1 | 2 |
_aBastida Castañeda, América _ecoord. _926187 |
| 710 | 1 |
_aUniversidad Autónoma de Santo Domingo _bDepartamento de Economía _972951 |
|
| 830 |
_aPublicaciones de la Universidad Autónoma de Santo Domingo _v674 _952 |
||
| 910 | _aValidado. Control de calidad MFF | ||
| 942 |
_2ddc _cLBS1 |
||
| 999 |
_c10605 _d10605 |
||